Les Bi Anario : (Record no. 4652)
[ view plain ]
| 000 -LEADER | |
|---|---|
| campo de control de longitud fija | 00496nam a2200157 4500 |
| 005 - FECHA Y HORA DE LA ÚLTIMA TRANSACCIÓN | |
| campo de control | 20260424215938.0 |
| 008 - DATOS DE LONGITUD FIJA--INFORMACIÓN GENERAL | |
| campo de control de longitud fija | - |
| 040 ## - FUENTE DE CATALOGACIÓN | |
| Centro catalogador/agencia de origen | Biblioteca LadoV Teorética |
| Centro/agencia transcriptor | Biblioteca LadoV Teorética |
| 082 04 - NÚMERO DE LA CLASIFICACIÓN DECIMAL DEWEY | |
| Número de clasificación | 306.766.3 |
| Número de ítem | F953l |
| 100 1# - ENTRADA PRINCIPAL--NOMBRE DE PERSONA | |
| Nombre de persona | Fuego, Andrea |
| 245 10 - MENCIÓN DEL TÍTULO | |
| Título | Les Bi Anario : |
| Resto del título | Vol. 1 / |
| Mención de responsabilidad, etc. | por Andrea Fuego |
| 260 #1 - PUBLICACIÓN, DISTRIBUCIÓN, ETC. | |
| Lugar de publicación, distribución, etc. | México : |
| Nombre del editor, distribuidor, etc. | Cooperativa Cráter Invertido, |
| Fecha de publicación, distribución, etc. | 2020 |
| 300 ## - DESCRIPCIÓN FÍSICA | |
| Extensión | 42 páginas : |
| Otras características físicas | dibujos a color ; |
| Dimensiones | 26 x 19 cm. |
| 650 #7 - PUNTO DE ACCESO ADICIONAL DE MATERIA--TÉRMINO DE MATERIA | |
| Fuente del encabezamiento o término | UNESCO |
| Término de materia o nombre geográfico como elemento de entrada | GRUPO SEXUAL MINORITARIO |
| 942 ## - ELEMENTOS DE ENTRADA SECUNDARIOS (KOHA) | |
| Fuente del sistema de clasificación o colocación | Clasificación Decimal Dewey |
| Tipo de ítem Koha | Libros |
| Suprimir en OPAC | No |
| Estatus retirado | Estado de pérdida | Fuente del sistema de clasificación o colocación | Estado de daño | No para préstamo | Biblioteca de origen | Biblioteca actual | Fecha de adquisición | Total de préstamos | Signatura topográfica completa | Código de barras | Visto por última vez | Precio de reemplazo | Tipo de ítem Koha |
|---|---|---|---|---|---|---|---|---|---|---|---|---|---|
| Clasificación Decimal Dewey | Biblioteca LadoV | Biblioteca LadoV | 24/04/2026 | F953l 306.766.3 | 00005054 | 24/04/2026 | 24/04/2026 | Libros |
